[Event "RUS-chT Premier 2019"]
[Site "Sochi"]
[Date "2019.05.02"]
[Round "2.4"]
[White "Bocharov, Dmitry"]
[Black "Shubin, Kirill"]
[Result "0-1"]
[WhiteElo "2530"]
[BlackElo "2404"]
[Annotator "ChessBase"]
[PlyCount "92"]
[EventDate "2019.05.01"]
[EventType "team-tourn"]
[EventCountry "RUS"]
[SourceTitle "playchess.com"]
[Source "ChessBase"]
[SourceQuality "1"]
[TimeControl "40/5400+30:1800+30"]

1. d4 {[%emt 0:00:00]} e6 {[%emt 0:00:00]} 2. Nf3 {[%emt 0:00:10]} Nf6 {[%emt 0:00:00]} 3. c4 {[%emt 0:00:25]} b6 {[%emt 0:00:00]} 4. a3 {[%emt 0:01:57]} Bb7 {[%emt 0:01:06]} 5. Nc3 {[%emt 0:00:18]} Ne4 {[%emt 0:00:03]} 6. Nxe4 {[%emt 0:00:58]} Bxe4 {[%emt 0:00:04]} 7. Nd2 {[%emt 0:04:23]} Bb7 {[%emt 0:00:07]} 8. e4 {[%emt 0:00:18]} g6 {[%emt 0:00:04]} 9. Bd3 {[%emt 0:01:31]} Bg7 {[%emt 0:00:07]} 10. Nf3 {[%emt 0:00:42]} d6 {[%emt 0:00:16]} 11. O-O {[%emt 0:05:00]} O-O {[%emt 0:00:07]} 12. Bg5 {[%emt 0:00:39]} Qd7 {[%emt 0:00:08]} 13. Qd2 {[%emt 0:00:46]} Nc6 {[%emt 0:07:35]} 14. Bc2 {[%emt 0:05:37]} Na5 {[%emt 0:01:35]} 15. b3 {[%emt 0:01:55]} f5 {[%emt 0:04:47]} 16. exf5 {[%emt 0:19:02]} Bxf3 {[%emt 0:00:38]} 17. gxf3 {[%emt 0:00:06]} exf5 {[%emt 0:00:50]} 18. Rae1 {[%emt 0:03:25]} Nc6 {[%emt 0:01:13]} 19. d5 {[%emt 0:02:24]} Ne5 {[%emt 0:00:11]} 20. Kg2 {[%emt 0:04:09]} f4 {[%emt 0:07:42]} 21. Bxf4 {[%emt 0:17:22]} Nxf3 {[%emt 0:00:29]} 22. Kxf3 {[%emt 0:00:09]} Qh3+ {[%emt 0:00:02]} 23. Ke2 {[%emt 0:00:11]} Rae8+ {[%emt 0:00:30]} 24. Be3 {[%emt 0:02:15]} Qf3+ {[%emt 0:00:07]} 25. Kd3 {[%emt 0:00:12]} Rf4 {[%emt 0:02:05]} 26. Qe2 {[%emt 0:06:25]} Rd4+ {[%emt 0:00:11]} 27. Kc3 {[%emt 0:00:10]} Qxe2 {[%emt 0:01:12]} 28. Rxe2 {[%emt 0:00:30]} Rd1+ {[%emt 0:00:06]} 29. Kb4 {[%emt 0:00:06]} Rxf1 {[%emt 0:00:08]} 30. Kb5 {[%emt 0:00:58]} Rh1 {[%emt 0:01:31]} 31. Kc6 {[%emt 0:00:25]} Re7 {[%emt 0:00:16]} 32. b4 {[%emt 0:01:18]} Rxh2 {[%emt 0:02:56]} 33. c5 {[%emt 0:00:36]} bxc5 {[%emt 0:01:51]} 34. bxc5 {[%emt 0:00:03]} dxc5 {[%emt 0:02:29]} 35. Bb3 {[%emt 0:00:13]} Kh8 {[%emt 0:01:23]} 36. Kxc5 {[%emt 0:02:15]} h5 {[%emt 0:01:11]} 37. Rc2 {[%emt 0:00:46]} Be5 {[%emt 0:02:07]} 38. Kc6 {[%emt 0:01:17]} Rh3 {[%emt 0:03:58]} 39. Bc4 {[%emt 0:04:58]} Rf3 {[%emt 0:02:56]} 40. Bc5 {[%emt 0:00:00]} Bd6 {[%emt 0:00:00]} 41. Bd4+ {[%emt 0:17:53]} Kh7 {[%emt 0:01:40]} 42. a4 {[%emt 0:00:09]} h4 {[%emt 0:01:18]} 43. Bxa7 {[%emt 0:06:13]} h3 {[%emt 0:00:16]} 44. a5 {[%emt 0:00:33]} h2 {[%emt 0:00:36]} 45. Rc1 {[%emt 0:00:10]} Rf6 {[%emt 0:03:39]} 46. Bd4 {[%emt 0:03:00]} Rf4 {[%emt 0:00:44]} 0-1

[Event "RUS-chT Premier 2019"]
[Site "Sochi"]
[Date "2019.05.02"]
[Round "2.5"]
[White "Timerkhanov, Alexander"]
[Black "Kezin, Roman"]
[Result "0-1"]
[WhiteElo "2366"]
[BlackElo "2468"]
[Annotator "RC"]
[PlyCount "128"]
[EventDate "2019.05.01"]
[EventType "team-tourn"]
[EventCountry "RUS"]
[SourceTitle "playchess.com"]
[Source "ChessBase"]
[SourceQuality "1"]
[TimeControl "40/5400+30:1800+30"]

1. e4 {[%emt 0:00:00]} c5 {[%emt 0:00:39]} 2. Nf3 {[%emt 0:00:00]} e6 {[%emt 0:00:22]} 3. d4 {[%emt 0:00:00]} cxd4 {[%emt 0:00:05]} 4. Nxd4 {[%emt 0:00:00]} Nc6 {[%emt 0:00:07]} 5. Nb5 {[%emt 0:00:32]} d6 {[%emt 0:00:24]} 6. c4 {[%emt 0:00:11]} a6 {[%emt 0:08:28]} 7. N5c3 {[%emt 0:00:07]} Nf6 {[%emt 0:00:03]} 8. Be2 {[%emt 0:00:44]} Be7 {[%emt 0:00:26]} 9. O-O {[%emt 0:00:30]} O-O {[%emt 0:00:07]} 10. Be3 {[%emt 0:01:19]} b6 {[%emt 0:12:00]} 11. Nd2 {[%emt 0:04:33]} Bb7 {[%emt 0:02:28]} 12. Qb3 {[%emt 0:13:38]} Nd7 {[%emt 0:00:31]} 13. Rfd1 {[%emt 0:03:13]} Nc5 {[%emt 0:11:24]} 14. Qc2 {[%emt 0:00:36]} Bf6 {[%emt 0:06:25]} 15. Nf3 {[%emt 0:07:05]} Qc7 {[%emt 0:03:24]} 16. a3 {[%emt 0:02:08]} Bxc3 {[%emt 0:11:08]} 17. bxc3 {[%emt 0:13:44]} Ne7 {[%emt 0:02:57]} 18. Bd3 {[%emt 0:02:45]} f5 {[%emt 0:26:38]} 19. Ng5 {[%emt 0:10:53]} Qc6 {[%emt 0:06:34]} 20. Bxc5 {[%emt 0:13:38]} dxc5 {[%emt 0:00:13]} 21. f3 {[%emt 0:01:39]} h6 {[%emt 0:00:36]} 22. Nh3 {[%emt 0:00:14]} Qc7 {[%emt 0:01:51]} 23. Rab1 {[%emt 0:01:20]} Rad8 {[%emt 0:00:09]} 24. Qe2 {[%emt 0:01:13]} Nc6 {[%emt 0:01:14]} 25. Bc2 {[%emt 0:04:25]} Rxd1+ {[%emt 0:00:05]} 26. Rxd1 {[%emt 0:00:04]} Qe5 {[%emt 0:00:30]} 27. Qe1 {[%emt 0:01:34]} f4 {[%emt 0:03:00]} 28. Nf2 {[%emt 0:00:25]} Qc7 {[%emt 0:01:23]} 29. Nd3 {[%emt 0:00:44]} e5 {[%emt 0:00:27]} 30. Ba4 {[%emt 0:02:38]} Na5 {[%emt 0:00:37]} 31. Nb2 {[%emt 0:01:47]} Rd8 {[%emt 0:00:11]} 32. Rd2 {[%emt 0:00:17]} Bc8 {[%emt 0:00:20]} 33. Qd1 {[%emt 0:00:36]} Rxd2 {[%emt 0:00:01]} 34. Qxd2 {[%emt 0:00:01]} Be6 {[%emt 0:00:01]} 35. Qd3 {[%emt 0:00:32]} Kf8 {[%emt 0:00:50]} 36. Kf2 {[%emt 0:00:46]} Ke7 {[%emt 0:00:05]} 37. Bd1 {[%emt 0:01:35]} g5 {[%emt 0:01:45]} 38. Be2 {[%emt 0:00:43]} Qd6 {[%emt 0:00:45]} 39. Qxd6+ {[%emt 0:05:32]} Kxd6 {[%emt 0:00:02]} 40. Ke1 {[%emt 0:00:00]} h5 {[%emt 0:00:00]} 41. h3 {[%emt 0:02:00]} Bd7 {[%emt 0:01:03]} 42. Kd2 {[%emt 0:00:59]} Ke7 {[%emt 0:00:28]} 43. Kd3 {[%emt 0:00:35]} Kf6 {[%emt 0:01:39]} 44. Bd1 {[%emt 0:00:55]} Be6 {[%emt 0:01:41]} 45. Ba4 {[%emt 0:03:46]} g4 {[%emt 0:00:20]} 46. hxg4 {[%emt 0:06:44]} hxg4 {[%emt 0:00:06]} 47. Bd1 {[%emt 0:00:08]} Kg5 {[%emt 0:05:55]} 48. fxg4 {[%emt 0:04:11]} Bxg4 {[%emt 0:00:06]} 49. Bxg4 {[%emt 0:10:57]} Kxg4 {[%emt 0:00:03]} 50. Ke2 {[%emt 0:00:12]} Kg3 {[%emt 0:00:06]} 51. Kf1 {[%emt 0:00:04]} f3 {[%emt 0:05:33]} 52. gxf3 {[%emt 0:00:05]} Kxf3 {[%emt 0:00:02]} 53. Ke1 {[%emt 0:00:13]} Kxe4 {[%emt 0:00:05]} 54. Ke2 {[%emt 0:00:03]} Kf4 {[%emt 0:00:11]} 55. Nd3+ {[%emt 0:00:41]} Kf5 {[%emt 0:00:09]} 56. Nb2 {[%emt 0:00:42]} e4 {[%emt 0:02:29]} 57. Ke3 {[%emt 0:05:08]} Ke5 {[%emt 0:00:04]} 58. Kf2 {[%emt 0:00:23]} Kf4 {[%emt 0:00:06]} 59. Ke2 {[%emt 0:00:03]} e3 {[%emt 0:01:34]} 60. Nd3+ {[%emt 0:00:05]} Ke4 {[%emt 0:00:04]} 61. Nb2 {[%emt 0:00:06]} Nb3 {[%emt 0:00:24]} 62. Nd3 {[%emt 0:00:49]} a5 {[%emt 0:07:05]} 63. a4 {[%emt 0:02:55]} Nd2 {[%emt 0:00:02]} 64. Ne1 {[%emt 0:00:22]} Nb1 {[%emt 0:00:22]} 0-1

[Event "RUS-chT Premier 2019"]
[Site "Sochi"]
[Date "2019.05.02"]
[Round "2.6"]
[White "Murzin, Volodar"]
[Black "Golikov, Daniil"]
[Result "1-0"]
[WhiteElo "2407"]
[BlackElo "2271"]
[Annotator "NA"]
[PlyCount "131"]
[EventDate "2019.05.01"]
[EventType "team-tourn"]
[EventCountry "RUS"]
[SourceTitle "playchess.com"]
[Source "ChessBase"]
[SourceQuality "1"]
[TimeControl "40/5400+30:1800+30"]

1. Nf3 {[%emt 0:00:00]} c5 {[%emt 0:00:00]} 2. c4 {[%emt 0:00:00]} Nc6 {[%emt 0:01:48]} 3. g3 {[%emt 0:00:20]} g6 {[%emt 0:02:01]} 4. Bg2 {[%emt 0:00:52]} Bg7 {[%emt 0:00:05]} 5. Nc3 {[%emt 0:00:21]} e5 {[%emt 0:00:51]} 6. O-O {[%emt 0:02:11]} Nge7 {[%emt 0:00:10]} 7. d3 {[%emt 0:01:39]} O-O {[%emt 0:00:38]} 8. Rb1 {[%emt 0:04:20]} d6 {[%emt 0:10:42]} 9. a3 {[%emt 0:00:31]} Rb8 {[%emt 0:02:10]} 10. b4 {[%emt 0:03:19]} b6 {[%emt 0:00:09]} 11. e3 {[%emt 0:12:00]} f5 {[%emt 0:08:02]} 12. b5 {[%emt 0:04:40]} Na5 {[%emt 0:12:00]} 13. Bd2 {[%emt 0:08:42]} h6 {[%emt 0:04:42]} 14. Nd5 {[%emt 0:08:14]} e4 {[%emt 0:13:16]} 15. Ne1 {[%emt 0:04:21]} Nxd5 {[%emt 0:00:32]} 16. cxd5 {[%emt 0:00:18]} exd3 {[%emt 0:00:14]} 17. Nxd3 {[%emt 0:04:24]} Nc4 {[%emt 0:01:40]} 18. Bc1 {[%emt 0:00:43]} Ne5 {[%emt 0:11:49]} 19. Bb2 {[%emt 0:10:17]} Nxd3 {[%emt 0:01:04]} 20. Qxd3 {[%emt 0:00:19]} Bxb2 {[%emt 0:00:09]} 21. Rxb2 {[%emt 0:00:01]} Qf6 {[%emt 0:00:29]} 22. Re2 {[%emt 0:04:01]} a6 {[%emt 0:09:54]} 23. Rfe1 {[%emt 0:01:41]} axb5 {[%emt 0:02:17]} 24. Qxb5 {[%emt 0:01:41]} Ra8 {[%emt 0:02:58]} 25. Qxb6 {[%emt 0:02:43]} Rxa3 {[%emt 0:00:02]} 26. Rc2 {[%emt 0:02:30]} Ba6 {[%emt 0:00:56]} 27. Bf1 {[%emt 0:00:41]} Bxf1 {[%emt 0:00:14]} 28. Rxf1 {[%emt 0:00:04]} Rd3 {[%emt 0:01:48]} 29. Ra2 {[%emt 0:01:04]} Rxd5 {[%emt 0:02:12]} 30. Ra7 {[%emt 0:01:22]} Re5 {[%emt 0:05:48]} 31. Rd1 {[%emt 0:00:54]} d5 {[%emt 0:03:59]} 32. Qxc5 {[%emt 0:00:29]} Rf7 {[%emt 0:00:12]} 33. Rxd5 {[%emt 0:03:03]} Rxa7 {[%emt 0:00:57]} 34. Rxe5 {[%emt 0:00:10]} Rf7 {[%emt 0:00:15]} 35. Qd5 {[%emt 0:01:05]} Kh7 {[%emt 0:00:41]} 36. Re8 {[%emt 0:02:03]} Qg7 {[%emt 0:00:12]} 37. h4 {[%emt 0:01:42]} h5 {[%emt 0:00:00]} 38. Kg2 {[%emt 0:00:19]} Ra7 {[%emt 0:00:00]} 39. Kf3 {[%emt 0:00:00]} Qb7 {[%emt 0:00:00]} 40. Qxb7+ {[%emt 0:00:00]} Rxb7 {[%emt 0:00:00]} 41. Kf4 {[%emt 0:05:22]} Kh6 {[%emt 0:16:06]} 42. Rh8+ {[%emt 0:04:32]} Kg7 {[%emt 0:00:16]} 43. Rd8 {[%emt 0:00:08]} Rb2 {[%emt 0:10:27]} 44. Kg5 {[%emt 0:01:36]} Kf7 {[%emt 0:00:01]} 45. Rd7+ {[%emt 0:06:55]} Ke6 {[%emt 0:00:01]} 46. Rg7 {[%emt 0:00:15]} Rxf2 {[%emt 0:00:05]} 47. Rxg6+ {[%emt 0:00:06]} Ke7 {[%emt 0:06:49]} 48. Kxh5 {[%emt 0:01:03]} Rf3 {[%emt 0:00:09]} 49. Rg5 {[%emt 0:06:16]} Kf6 {[%emt 0:01:48]} 50. g4 {[%emt 0:01:16]} fxg4 {[%emt 0:00:40]} 51. e4 {[%emt 0:00:38]} g3 {[%emt 0:00:06]} 52. Kg4 {[%emt 0:00:04]} Ra3 {[%emt 0:02:21]} 53. Kf4 {[%emt 0:00:13]} g2 {[%emt 0:00:52]} 54. Rxg2 {[%emt 0:00:29]} Rh3 {[%emt 0:00:13]} 55. e5+ {[%emt 0:01:25]} Kf7 {[%emt 0:00:57]} 56. Rg4 {[%emt 0:01:11]} Rh1 {[%emt 0:00:43]} 57. Kf5 {[%emt 0:01:37]} Rf1+ {[%emt 0:00:57]} 58. Rf4 {[%emt 0:00:05]} Rg1 {[%emt 0:00:19]} 59. h5 {[%emt 0:00:40]} Rh1 {[%emt 0:00:38]} 60. Kg5+ {[%emt 0:00:27]} Kg7 {[%emt 0:00:21]} 61. e6 {[%emt 0:00:40]} Re1 {[%emt 0:00:43]} 62. h6+ {[%emt 0:01:10]} Kg8 {[%emt 0:00:29]} 63. Kf6 {[%emt 0:00:19]} Kf8 {[%emt 0:00:45]} 64. h7 {[%emt 0:01:00]} Rh1 {[%emt 0:00:32]} 65. Kg6+ {[%emt 0:00:47]} Ke7 {[%emt 0:00:06]} 66. Rg4 {[%emt 0:00:12]} 1-0

[Event "RUS-chT Premier 2019"]
[Site "Sochi"]
[Date "2019.05.02"]
[Round "2.7"]
[White "Sjugirov, Sanan"]
[Black "Artemiev, Vladislav"]
[Result "1/2-1/2"]
[WhiteElo "2661"]
[BlackElo "2754"]
[Annotator "TA"]
[PlyCount "138"]
[EventDate "2019.05.01"]
[EventType "team-tourn"]
[EventCountry "RUS"]
[SourceTitle "playchess.com"]
[Source "ChessBase"]
[SourceQuality "1"]

{[%evp 13,138,3,23,-3,30,30,36,18,44,18,43,45,150,60,70,67,56,0,116,105,94,88,96,0,0,-39,-51,-22,-22,-22,-17,-58,-27,-176,-170,-242,-212,-233,-140,-145,-86,-97,-94,-81,-83,-69,-54,-351,-110,-93,0,0,0,0,0,0,0,0,0,0,0,0,0,0,0,0,0,-8,-8,-8,-8,-81,-81,-81,-81,-175,-22,-218,-132,-120,-98,-502,-487,-415,-448,-516,-494,-619,-601,-444,-228,-192,-163,-163,-163,-156,-83,-79,-78,-98,-15,-21,-8,-37,-38,-35,-10,-8,0,-32,-16,-18,-15,-15,-17,-41,0,0,0,-49,-48,-45,0,0,0,-8,-8]} 1. e4 c5 2. Nf3 d6 3. d4 cxd4 4. Nxd4 Nf6 5. Nc3 a6 6. Bg5 Nbd7 7. f4 Qc7 8. Qf3 {B94: Sicilian Najdorf: 6 Bg5 Nbd7} (8. Be2 e6 9. O-O h6 10. Bh4 b5 11. f5 exf5 12. Nxf5 Bb7 13. Kh1 b4 14. Nd5 Nxd5 15. exd5 Qc5 16. c4 g6 17. Re1 g5 18. Bg3 O-O-O 19. a3 a5 20. axb4 axb4 21. Bh5 f6 22. Nd4 {1-0 (22) Azarov,S (2565)-Navara,D (2740) Czech Republic 2019}) 8... g6 9. O-O-O Bg7 10. Be2 {White is slightly better.} h6 11. Bh4 Nb6 12. h3 Bd7 (12... O-O $14) 13. Rhe1 $146 ({White should try} 13. e5 $1 $16 {[%cal Re5f6]} dxe5 14. fxe5) ({Predecessor:} 13. g4 Na4 14. Bxf6 Bxf6 15. Nd5 Qc5 16. Nxf6+ exf6 {0-1 (40) Balduzzi,R-Dominguez,C Buenos Aires 1958}) 13... Bc6 $14 14. Nxc6 bxc6 15. Bxf6 (15. g4 $14) 15... exf6 (15... Bxf6 $11 16. Kb1 O-O) 16. Qg3 $16 Rd8 17. h4 O-O 18. Bxa6 (18. f5 $16) 18... Ra8 $11 19. Bf1 f5 20. exf5 gxf5 21. a3 Rfb8 22. Re3 d5 23. Rf3 (23. Rde1 $1 $11 {and White stays safe.}) 23... Nd7 $19 {And now ...Qb6 would win.} 24. Bd3 (24. Re1 {might work better.}) 24... Qb6 25. Bxf5 Qxb2+ 26. Kd2 Nc5 (26... Nf6 $142 27. Ke1 Rxa3) 27. Ke2 $17 Ne4 28. Bxe4 dxe4 29. Re3 Rxa3 30. f5 $2 {[%mdl 8192]} ({White must play} 30. Nxe4 $15 Qxc2+ 31. Rd2 Qc4+ 32. Kf2 Rxe3 33. Qxe3) 30... Kh8 $2 ({Stronger than} 30... Rxc3 31. Rxc3 Qb5+ 32. Ke1 $14) ({Don't go for} 30... Qxc2+ $2 31. Rd2 $18) (30... Kh7 $1 $19 {is more deadly.} 31. Rd7 Rxc3 32. Rxc3 Bxc3 33. Qg6+ Kh8 $1 {[%mdl 512]} 34. Qxh6+ Kg8 35. Qg5+ Bg7) 31. Nxe4 Qxc2+ ({Black should play} 31... Be5 $17 32. Qf3 Qxc2+ 33. Nd2 Ra5) 32. Rd2 $11 Rxe3+ 33. Qxe3 Qc4+ 34. Qd3 Qa4 35. f6 Bf8 36. Kf2 Qa5 37. Re2 Qe5 38. Qg3 Qd4+ 39. Qe3 Qd5 $36 {[%mdl 2048] Black has some pressure.} 40. Qf3 Rb3 41. Re3 Qd4 {next ...c5 is good for Black.} 42. Qf4 {[#]} (42. Ke2 $1 $11 Rb1 43. Nd2) 42... c5 $1 $17 43. Kf3 Qd1+ 44. Kg3 (44. Kf2 $17 {was the only chance.}) 44... c4 $2 (44... Qe1+ $1 $19 45. Kf3 c4 46. Rxb3 cxb3) 45. Qf3 $2 (45. Kh2 $1 $11) 45... Qd5 46. Nc3 Bd6+ 47. Kh3 $2 {[%mdl 8192]} (47. Kf2 $17 Qd4 48. Qe4 Qxf6+ 49. Rf3) 47... Qxf3+ $19 48. gxf3 {[%mdl 4096] Endgame KRB-KRN} Kh7 49. Nd5 Kg6 50. Re4 Rxf3+ 51. Kg2 Rg3+ (51... Rd3 $142 52. Ne3 c3) 52. Kf2 Rd3 53. Ne7+ Kxf6 54. Ng8+ Kg7 (54... Kf5 $142 55. Rxc4 h5) 55. Rg4+ $17 Kf8 56. Nxh6 Bc5+ (56... c3 $17 57. Rc4 Be5) 57. Ke2 $11 Rc3 58. Nf5 Rc2+ 59. Ke1 Rc1+ 60. Ke2 Rc2+ 61. Ke1 $1 Bb4+ 62. Kf1 $1 Rc1+ 63. Kg2 Bc5 {Hoping for ...Rg1+.} 64. Kh2 Rf1 {Threatens to win with ...c3.} 65. Ng3 $1 {[%cal Rg3f1]} Rc1 {White must now prevent ...c3.} 66. Nf5 Bb6 67. h5 Rc2+ 68. Kg3 Rf2 69. Nd6 Rf6 {Accuracy: White = 40%, Black = 44%.} 1/2-1/2

[Event "RUS-chT Premier 2019"]
[Site "Sochi"]
[Date "2019.05.02"]
[Round "2.8"]
[White "Kamsky, Gata"]
[Black "Alekseev, Evgeny"]
[Result "1/2-1/2"]
[WhiteElo "2664"]
[BlackElo "2647"]
[Annotator "TA"]
[PlyCount "51"]
[EventDate "2019.05.01"]
[EventType "team-tourn"]
[EventCountry "RUS"]
[SourceTitle "playchess.com"]
[Source "ChessBase"]
[SourceQuality "1"]

{[%evp 14,51,8,-21,-12,-28,-10,-30,-30,-50,-31,-36,-14,-22,-18,-30,0,-18,2,18,32,5,43,43,41,41,60,59,53,49,52,29,44,31,62,0,25,0,62,0]} 1. e4 c5 2. Nc3 e6 3. Nf3 a6 4. g3 d6 5. Bg2 Nc6 6. O-O Nf6 7. d3 Be7 8. Ng5 O-O {B50: Sicilian: 2...d6, Miscellaneous} 9. f4 Qc7 10. f5 $146 ({Predecessor:} 10. Nh3 b5 11. Nf2 Bb7 12. g4 b4 {1-0 (37) Delgado Ramirez,N (2574)-Macias Murillo,B (2335) Medellin 2010}) 10... Bd7 {Black has an edge.} 11. g4 h6 12. Nh3 $1 Ne5 13. g5 hxg5 $1 14. Bxg5 Qd8 15. Qe1 Re8 16. Qg3 b5 17. Rae1 Nh7 {[%cal Rh7g5]} (17... b4 {with more complications.} 18. Nd1 Rb8 19. Ne3 a5 20. Rf2 a4) 18. Bxe7 Qxe7 19. Nd1 Kh8 20. Ne3 g6 21. fxe6 Bxe6 22. Nf4 Qg5 23. Qf2 Qh6 24. Qg3 Qg5 $1 25. Qf2 Qh6 26. Qg3 {Accuracy: White = 51%, Black = 47%.} ({White should play} 26. b4 $14) 1/2-1/2

[Event "RUS-chT Premier 2019"]
[Site "Sochi"]
[Date "2019.05.02"]
[Round "2.9"]
[White "Rakhmanov, Aleksandr"]
[Black "Timofeev, Artyom"]
[Result "1/2-1/2"]
[WhiteElo "2629"]
[BlackElo "2602"]
[Annotator "RC"]
[PlyCount "113"]
[EventDate "2019.05.01"]
[EventType "team-tourn"]
[EventCountry "RUS"]
[SourceTitle "playchess.com"]
[Source "ChessBase"]
[SourceQuality "1"]
[TimeControl "40/5400+30:1800+30"]

1. d4 {[%emt 0:00:00]} Nf6 {[%emt 0:00:00]} 2. Nf3 {[%emt 0:00:24]} e6 {[%emt 0:01:27]} 3. c4 {[%emt 0:02:50]} d5 {[%emt 0:02:04]} 4. Nc3 {[%emt 0:02:24]} c6 {[%emt 0:08:53]} 5. g3 {[%emt 0:01:24]} dxc4 {[%emt 0:05:52]} 6. Ne5 {[%emt 0:01:02]} Nbd7 {[%emt 0:01:39]} 7. Nxc4 {[%emt 0:01:06]} b5 {[%emt 0:01:36]} 8. Ne5 {[%emt 0:11:28]} Nxe5 {[%emt 0:03:07]} 9. dxe5 {[%emt 0:01:15]} Qxd1+ {[%emt 0:00:18]} 10. Kxd1 {[%emt 0:00:25]} Nd5 {[%emt 0:03:41]} 11. Ne4 {[%emt 0:03:17]} f5 {[%emt 0:10:13]} 12. Nd2 {[%emt 0:14:18]} Bb7 {[%emt 0:06:05]} 13. e4 {[%emt 0:02:22]} Nb6 {[%emt 0:00:08]} 14. Bd3 {[%emt 0:15:37]} O-O-O {[%emt 0:09:10]} 15. Ke2 {[%emt 0:00:48]} fxe4 {[%emt 0:20:39]} 16. Bxe4 {[%emt 0:08:29]} Be7 {[%emt 0:03:38]} 17. h4 {[%emt 0:06:16]} h6 {[%emt 0:02:45]} 18. f4 {[%emt 0:02:29]} Rd4 {[%emt 0:03:20]} 19. Bg6 {[%emt 0:00:39]} c5 {[%emt 0:01:28]} 20. Nf3 {[%emt 0:00:52]} Rd7 {[%emt 0:01:18]} 21. h5 {[%emt 0:01:41]} Rhd8 {[%emt 0:00:55]} 22. f5 {[%emt 0:10:01]} Bd5 {[%emt 0:05:20]} 23. g4 {[%emt 0:05:15]} Nc4 {[%emt 0:01:04]} 24. fxe6 {[%emt 0:03:03]} Rc7 {[%emt 0:03:58]} 25. Re1 {[%emt 0:01:14]} Bxe6 {[%emt 0:00:40]} 26. b3 {[%emt 0:01:32]} Nb6 {[%emt 0:00:12]} 27. g5 {[%emt 0:02:38]} Bf8 {[%emt 0:01:36]} 28. Bd2 {[%emt 0:00:35]} c4 {[%emt 0:00:21]} 29. Ba5 {[%emt 0:00:24]} Be7 {[%emt 0:02:10]} 30. gxh6 {[%emt 0:00:07]} gxh6 {[%emt 0:00:05]} 31. Red1 {[%emt 0:00:46]} Rcd7 {[%emt 0:00:56]} 32. Rxd7 {[%emt 0:00:22]} Rxd7 {[%emt 0:00:08]} 33. Bxb6 {[%emt 0:00:38]} axb6 {[%emt 0:00:06]} 34. Rd1 {[%emt 0:00:14]} Rxd1 {[%emt 0:01:25]} 35. Kxd1 {[%emt 0:00:02]} cxb3 {[%emt 0:00:07]} 36. axb3 {[%emt 0:00:04]} Bxb3+ {[%emt 0:00:05]} 37. Kd2 {[%emt 0:00:13]} b4 {[%emt 0:00:45]} 38. Nd4 {[%emt 0:00:17]} Bd5 {[%emt 0:00:28]} 39. Kd3 {[%emt 0:00:58]} Kd7 {[%emt 0:00:35]} 40. e6+ {[%emt 0:00:00]} Kd6 {[%emt 0:00:00]} 41. Nf5+ {[%emt 0:01:42]} Kxe6 {[%emt 0:01:07]} 42. Nxh6 {[%emt 0:00:13]} Kf6 {[%emt 0:04:25]} 43. Ng4+ {[%emt 0:02:45]} Kg5 {[%emt 0:00:41]} 44. Nf2 {[%emt 0:00:07]} Bf8 {[%emt 0:02:28]} 45. Ne4+ {[%emt 0:08:26]} Kf4 {[%emt 0:00:45]} 46. Nd2 {[%emt 0:00:41]} b3 {[%emt 0:04:37]} 47. Kc3 {[%emt 0:02:01]} Bg7+ {[%emt 0:00:08]} 48. Kb4 {[%emt 0:01:24]} b2 {[%emt 0:00:09]} 49. Nc4 {[%emt 0:01:51]} Bd4 {[%emt 0:02:12]} 50. Kb5 {[%emt 0:01:53]} Be6 {[%emt 0:05:08]} 51. Nxb2 {[%emt 0:00:40]} Bd7+ {[%emt 0:00:07]} 52. Ka6 {[%emt 0:00:10]} Bc8+ {[%emt 0:01:30]} 53. Kb5 {[%emt 0:00:28]} Bxb2 {[%emt 0:00:14]} 54. Kxb6 {[%emt 0:00:05]} Bg7 {[%emt 0:00:10]} 55. Be8 {[%emt 0:00:56]} Ke5 {[%emt 0:00:17]} 56. Kc7 {[%emt 0:00:06]} Ba6 {[%emt 0:00:21]} 57. Bc6 {[%emt 0:00:19]} 1/2-1/2

[Event "RUS-chT Premier 2019"]
[Site "Sochi"]
[Date "2019.05.02"]
[Round "2.10"]
[White "Faizrakhmanov, Ramil"]
[Black "Kokarev, Dmitry"]
[Result "1/2-1/2"]
[WhiteElo "2438"]
[BlackElo "2605"]
[Annotator "TA"]
[PlyCount "68"]
[EventDate "2019.05.01"]
[EventType "team-tourn"]
[EventCountry "RUS"]
[SourceTitle "playchess.com"]
[Source "ChessBase"]
[SourceQuality "1"]

{[%evp 21,68,26,47,45,41,43,45,42,64,41,43,52,88,88,93,73,75,75,76,76,80,76,75,75,82,76,87,80,86,73,73,67,87,86,86,86,86,86,86,86,86,86,86,86,86,0,86,0,100]} 1. d4 Nf6 2. c4 g6 3. Nc3 Bg7 4. e4 d6 5. Nf3 O-O 6. h3 e5 7. d5 a5 8. Be3 Na6 9. g4 Nc5 10. Nd2 c6 11. Be2 Bd7 12. h4 {E92: King's Indian: Classical: 6 Be2 e5: 7 dxe5, 7 Be3 and Petrosian System without 7...Nbd7} cxd5 13. cxd5 Rc8 14. a4 {White is slightly better.} (14. g5 Nh5 15. Bxc5 Rxc5 16. Bxh5 gxh5 17. Qxh5 b5 18. a4 bxa4 19. Qd1 Qc7 20. Nxa4 {0-1 (45) Grischuk,A (2751)-Naiditsch,A (2686) Novi Sad 2016}) 14... Ne8 15. h5 Bf6 $1 16. Nb3 {[#]} Bg5 $146 ({Predecessor:} 16... Nxb3 17. Qxb3 Bg5 18. Qb6 Qf6 19. Rg1 h6 {½-½ (38) Urkedal,F (2535)-Popovic,D (2517) Batumi 2018}) 17. Nxc5 dxc5 18. Qd2 Bxe3 19. Qxe3 g5 20. Bb5 {Hoping for Bxd7.} h6 21. f3 Nd6 22. Bxd7 Qxd7 23. O-O b6 24. Rfc1 Rfd8 25. Rc2 Rb8 26. Qe2 Qa7 27. Nb5 Nxb5 28. Qxb5 Rd6 29. Rd1 Ra8 30. Rc3 Qe7 31. Kg2 Qa7 32. Rd2 Qe7 33. Rd1 Qa7 $1 34. Rd2 Qe7 {Accuracy: White = 78%, Black = 74%.} 1/2-1/2